[Event "BEL-ch U18"]
[Site "Blankenberge"]
[Date "2014.04.18"]
[Round "8"]
[White "Larsen, Sander"]
[Black "Pu, Linden"]
[Result "1-0"]
[WhiteElo "1879"]
[BlackElo "1512"]
[PlyCount "120"]
[EventDate "2014.04.??"]
[EventType "swiss"]
[EventRounds "9"]
[EventCountry "BEL"]
[SourceTitle "EXT 2015"]
[Source "ChessBase"]
[SourceDate "2014.11.20"]
[SourceVersion "1"]
[SourceVersionDate "2014.11.20"]
[SourceQuality "1"]

1. e4 e6 2. d4 d5 3. Nc3 dxe4 4. Nxe4 Bd7 5. Nf3 Nf6 6. Ned2 c5 7. dxc5 Bxc5 8. Bd3 0-0 9. 0-0 Bc6 10. Ne5 Qc7 11. Nxc6 Nxc6 12. Ne4 Nxe4 13. Bxe4 Qe5 14. Re1 Rad8 15. Qe2 f5 16. Bd3 Qxe2 17. Rxe2 Nd4 18. Re1 Rd7 19. Bf4 Rfd8 20. a3 h6 21. b4 Be7 22. Be5 Nc6 23. Bb2 Nd4 24. Bxd4 Rxd4 25. Rxe6 Kf7 26. Rae1 Bf6 27. Bxf5 Rd1 28. Bd3 Rxe1+ 29. Rxe1 Bb2 30. a4 Bc3 31. Re4 b6 32. Rc4 Be5 33. f4 Bd4+ 34. Kf1 Rd7 35. Ke2 g6 36. Kf3 Bf6 37. g4 Re7 38. Rc8 Bd4 39. Bc4+ Kg7 40. g5 Re3+ 41. Kg2 h5 42. Bd3 h4 43. Rc7+ Kh8 44. Bxg6 h3+ 45. Kf1 Rf3+ 46. Ke2 Rxf4 47. Rh7+ Kg8 48. Rxh3 Bg1 49. c3 Rf2+ 50. Kd3 Rg2 51. Be4 Rxg5 52. Rg3 Rxg3+ 53. hxg3 Kg7 54. g4 Kf6 55. Kc4 Bf2 56. Kb5 Be1 57. c4 Bc3 58. c5 Ke7 59. cxb6 axb6 60. Kxb6 Ke8 1-0